00714nam a2200193Ia 4500001001800000003000900018008004100027040002300068041001300091100001900104245006900123250001100192260003800203300001900241490002700260501012400287520007600411650003300487227-LET pa (1382)IT-MiSPE171229s9999||||xx |||||||||||||| ||und|| aIT-MiSPEcIT-MiSPE aITALIANO aPiero Rossano  0aLe lettere di san PaolobNuovissima versione dai testi originali a3a ed. aCinisello B.mobEd. Paolinec1985 a703 p. c18 cm aParola di Dio: I serie aEdizioni San Paolo srl - Piazza Soncino, 5 - 20092 CINISELLO BALSAMO (MI) (non commercial uses only) ® Copyright 2018 aAA.VV. Da "Nuovissima versione della Bibbia dai testi originali; 38-43" aBIBBIA. NT. Lettere di Paolo